00514nam a2200145Ia 4500008004100000020002200041100002100063245010200084250001200186260004400198300002600242500002000268650005400288650002600342191209s9999 xx 000 0 und d a978-1-84480-668-3 aAlexander, David cDavid Alexander, Anne Britton & Ann Jorissen.--aInternational financial reporting and analysis / a3rd ed. aLondon:bThomson Higher Educationc2007 a898 pages :c24.5 cm. aIncludes index. aFinancial statements -- Problems, exercises, etc. aFinancial statements.